000 02560nam1a2200421 4500
001 RU\NLR\BIBL_A\012656346
005 20260406080731.0
010 _a978-5-6046252-0-0
035 _a(NLR Aleph) 012656346
090 _a12741725
_c12741725
100 _a20211202g2021 k y0rusy50 ca
101 0 _arus
102 _aRU
105 _a||||b||||||||
181 0 _ab3
_bxb2e
181 0 _ai1
_baxxe
182 0 _an
200 1 _aПолный каталог собрания
_dComplete catalogue of the collection
_fМинистерство культуры Российской Федерации, Научно-исследовательский музей при Российской академии художеств, Музей-квартира Исаака Бродского
_gавторы-составители: Н.М. Балакина [и др.]
_gредакторы: Е.А. Васильева, Е.А. Рипак
_zeng
203 _aИзображение
_aТекст
_bвизуальные
_cнепосредственные
210 _aСанкт-Петербург
_cМузей академии художеств
_d2021
215 _d29
300 _aНа обл. и корешке только частное загл. т.
510 1 _aComplete catalogue of the collection
_zeng
601 0 2 _aМузей-квартира И.И.Бродского
_cСанкт-Петербург, город
_jКаталоги
_xКоллекция изобразительного искусства
_92499301
_3RU\NLR\AUTH\6601698024
606 1 _aИзобразительное искусство русское
_jКаталоги
_z19 - 20 вв.
_92120094
_3RU\NLR\AUTH\661280318
686 1 _aЩ101.3(2Р)-2Санкт-Петербург2Музей-квартира Бродского я26
686 1 _aЩ103(2Р=Рус)53я26
702 1 _aБалакина
_bН. М.
_4220
702 1 _4340
_7ca
_8rus
_aВасильева
_bЕ. А.
_cисторик, писатель
_f1976-
_gЕкатерина Алексеевна
_3RU\NLR\AUTH\770217796
_9217740
702 1 _4570
_8rus
_7ca
_aБродский
_bИ. И.
_cхудожник
_f1884-1939
_gИсаак Израилевич
_3RU\NLR\AUTH\77125619
_9108544
712 0 2 _4570
_aМузей-квартира И. И. Бродского
_cСанкт-Петербург
_9780712
_3RU\NLR\AUTH\880556819
852 _aNLR
_jЭ КИс134/Л452.06
942 _cUNSPEC
980 _aNB